| 000 | 00439cam a2200181ua 4500 | ||
|---|---|---|---|
| 001 | 2948 | ||
| 008 | 161026n II |||gr||||Z||||||eng | ||
| 040 | _aMAIN | ||
| 041 | _aEnglish | ||
| 082 | _a823 MAG | ||
| 100 | _aMAGARSHACK. | ||
| 245 | _aTHE BEST SHORT STORIES OF DOSTOEVSKY | ||
| 260 |
_aUSA: _bRANDOM HOUSE., _c1976. |
||
| 300 |
_a322: _c20CM. |
||
| 653 | _aEnglish fiction | ||
| 700 |
_aMAGARSHACK., DAVID, _eAUTHOR. |
||
| 942 | _cBK | ||
| 999 |
_c2936 _d2936 |
||